Selekcjonerzy Rep.Polski w piłce nożnej w XXI wieku - Statystyki

Ogólne statystyki
  • Ten quiz został rozwiązany 245 razy
    193 od ostatniego zresetowania
  • Średni wynik to 7 z 10
Statystyki odpowiedzi
Hint Odpowiedź % Poprawnych
2013-2018 Adam Nawałka
97%
2018-2021 Jerzy Brzęczek
92%
od 2021 Paulo Sousa
90%
2009-2012 Franciszek Smuda
85%
2012-2013 Waldemar Fornalik
76%
2002-2002 Zbigniew Boniek
72%
2000-2002 Jerzy Engel
68%
2006-2009 Leo Beenhakker
65%
2002-2006 Paweł Janas
64%
2009-2009 Stefan Majewski
42%
Nie znaleziono quizów pasujących do podanych kryteriów
Rozkład punktacji
Procent ludzi z każdym wynikiem
Percentyl według liczby udzielonych odpowiedzi
Twoja historia wyników
Nie rozwiązałeś tego quizu od ostatniego zresetowania